Historia de las ideas en Centroamérica

Uloženo v:
Podrobná bibliografie
Hlavní autor: Láscaris, Constantino
Médium: Text
Vydáno: San José: EDUCA
Vydání:2
Tagy: Přidat tag
Žádné tagy, Buďte první, kdo vytvoří štítek k tomuto záznamu!

MARC

LEADER 00000 a a2200000 04500
001 23858
003
040
020 |a 84-8360-121-4  
090 |a 164300  
100 |a Láscaris, Constantino  
245 |a Historia de las ideas en Centroamérica  
250 |a 2  
260 |a San José:   |b EDUCA  
300 |a 485 p.; 2 copias  
999 |c 12020  |d 12020